Most Viewed Music Videos by Famous Artists #2 - Statistics

General Stats
  • This quiz has been taken 24 times
  • The average score is 10 of 25
Answer Stats
Artist Songs % Correct
Adele Hello
82%
Baby
73%
Poker Face
73%
Firework
64%
Katy Perry Roar
64%
Lady Gaga Bad Romance
59%
Rolling in the Deep
59%
Justin Bieber Sorry
59%
Bruno Mars The Lazy Song
59%
24K Magic
50%
Love Yourself
50%
Die With A Smile
41%
Someone Like You
41%
Skyfall
36%
That's What I Like
36%
Dark Horse
32%
Just The Way You Are
32%
Shallow
32%
Last Friday Night
27%
What Do You Mean?
18%
When I Was Your Man
18%
Send My Love (To Your New Lover)
14%
Bon Appétit
9%
Never Say Never
9%
Always Remember Us This Way
5%
No matching quizzes found
Score Distribution
Percent of People with Each Score
Percentile by Number Answered
Your Score History
You have not taken this quiz